| 000 | 01359cam a2200253 4500 | ||
|---|---|---|---|
| 001 | WB@3612-888 | ||
| 008 | 041103n2004 000 0 eng u | ||
| 035 | _a(Sirsi) u127895 | ||
| 245 | _aWales wasting away | ||
| 260 | _c2004 | ||
| 490 |
_aPlanning (for the Natural and Built Environment) _v29 October 2004, 2(1) |
||
| 490 |
_aEnvironment Agency Wales Press Release _v(09/04) 28 October 2004 (3) |
||
| 520 | _a"Regulation of waste management" has been published by the Environment Agency Wales. It estimates that more than 500 waste management facilities need to be developed in Wales as existing landfill capacity will be exhausted before 2010. IT predicts increasing illegal disposal of waste - which costs up to £150m a year to clean up. There is also a specific problem with hazardous waste as there are currently no sites in Wales licensed to accept it since new legislation does not allow solid hazardous waste to be disposed of in the same landfill as non-hazardous. The report can be downloaded from the website. http://www.agw.wales.gov.uk/notices/2004/agw2004_9 pn.htm | ||
| 590 | _aWB | ||
| 590 | _aWB | ||
| 650 | _aWASTE MINIMISATION | ||
| 650 | _aLANDFILL SITES | ||
| 650 | _aWASTE DISPOSAL | ||
| 650 | _aREGULATIONS | ||
| 650 | _aWASTE PLANNING | ||
| 650 | _aENVIRONMENTAL LAW | ||
| 690 | _aWASTE MANAGEMENT | ||
| 942 | _n0 | ||
| 999 |
_c118266 _d118266 |
||